00853 2200253 4500001002100000005001500021035002000036007000300056008004100059020001800100082001000118084002000128084002000148084002000168100001600188245013300204250002000337260004000357300003600397500012700433990001300560990001300573990001300586INLIS00000000000926520230622041642 a0010-0623000059ta230622 e 0 ind  a9796027731288 a153.4 a153.4 IMA t C.1 a153.4 IMA t C.2 a153.4 IMA t C.30 aImam Samawi1 aThe Magic Of Big Thinking :bmengaktualisasikan berfikir besar untuk meraih kesuksesan dengan cara beautiful mind /cImam Samawi aCetakan ke satu aYogyakarta :bGlosaria Media,c2013 a136 hlm. :bill. ;c13 x 19 cm. amenjadi manusia seutuhnya mahal harganya sehingga hanya sedikit orang yang memiliki cinta dan keberabian untuk membelinya. a023.2364 a023.2362 a023.2363